| 000 | 00911nam a2200301Ia 4500 | ||
|---|---|---|---|
| 001 | 13311 | ||
| 003 | IT-RoPAU | ||
| 008 | 130308s9999 xx 000 0 und d | ||
| 040 | _aIT-RoPAU | ||
| 040 | _cIT-RoPAU | ||
| 041 | _aITALIANO | ||
| 100 | _aParente Alfredo | ||
| 100 | _gCodice Aut. SPICS: 2877 | ||
| 245 | _aCritica e storiografia musicale-Premesse metodologiche | ||
| 245 | _bRassegna Musicale (La)-Antologia | ||
| 250 | _a1a ed. | ||
| 260 | _aMILANO | ||
| 260 | _bFeltrinelli | ||
| 260 | _c1966 [1° Ed.:1966 - Ed.Ling.Originale:1930] | ||
| 300 | _a"22 p. (prefazione: no ; testo: 22 [pagine: 109-130])" | ||
| 500 | _aCritica Musicale Tecnica ed Interpretazione Monografie Storie Generali e Biografie Storia della Musica e Storia della Tecnica | ||
| 650 | _aSAGGI MUSICALI | ||
| 650 | _eCodice materia Spics: 7011 | ||
| 942 | _cBK | ||
| 957 | _71 | ||
| 999 |
_c59795 _d59795 |
||
| 999 | _bSI | ||
| 999 | _g1 | ||